| 000 | 01306aab a2200205 i 4500 | ||
|---|---|---|---|
| 001 | 768714001 | ||
| 003 | CO-MdFUSB | ||
| 005 | 20240422101815.0 | ||
| 008 | 240416t1983 ag ||||| |||| 00| 0 spa d | ||
| 040 |
_bspa _cCO-MdFUSB |
||
| 041 | _aspa | ||
| 100 | 1 |
_aPadilla, C. René _eautor |
|
| 245 | 3 |
_aLa unidad de la iglesia y el principio de las unidades homogéneas _c/ C. René Padilla |
|
| 300 |
_aVolumen 2, número 3, (septiembre, 1983), páginas: 12 - 19 _c; 27 cm |
||
| 520 | _aLa sección inicial de este artículo se centra en la visión del Nuevo Testamento sobre la unidad de los creyentes en Cristo Jesús. Otra parte de la discusión trata de la realización histórica, durante el período apostólico, del propósito compartido de Dios. Finalmente, en la última sección evaluamos el principio de entidades homogéneas de Donald McGavran, según el cual "las personas quieren convertirse en cristianos sin cruzar fronteras raciales, lingüísticas o de clase" a la luz de la enseñanza bíblica y su análisis. sobre el ejercicio apostólico. | ||
| 650 | 0 |
_aIglesia y problemas sociales _91177 |
|
| 650 | 7 |
_aTeología pastoral y unidad cristiana _97183 |
|
| 773 | 0 |
_tIglesia y Misión _049402 _959626 _gVolumen 2, número 3, (septiembre, 1983), páginas: 12 - 19 _qpágina: 12 |
|
| 942 | _cANA | ||
| 999 |
_c51400 _d51400 |
||